000
00289nam a22001337a 4500
003
SGT
082
_a
370
_b
M03G
100
_a
GNANAM, AS. A
245
_a
MAKING THE MOST ACCREDITATION
260
_a
NEW DELHI
_b
CONCEPT PUB
_c
2003
300
_a
300
650
_a
EDUCATION
942
_2
ddc
_c
BK
999
_c
12397
_d
12397